La sociedad de 1850 / (Record no. 64238)

MARC details
000 -LEADER
campo de control de longitud fija 00725nam a2200217 i 4500
001 - NÚMERO DE CONTROL
campo de control 64238
003 - IDENTIFICADOR DE NÚMERO DE CONTROL
campo de control ES-MaACL
005 - FECHA Y HORA DE LA ÚLTIMA TRANSACCIÓN
campo de control 20250922162632.0
007 - CAMPO FIJO DE DESCRIPCIÓN FÍSICA--INFORMACIÓN GENERAL
campo de control de longitud fija t|
008 - DATOS DE LONGITUD FIJA--INFORMACIÓN GENERAL
campo de control de longitud fija 031223s1968 sp ||||1| spa d
100 0# - ENTRADA PRINCIPAL--NOMBRE DE PERSONA
Nombre de persona Flores, Antonio,
Fechas asociadas al nombre 1818-1865
9 (RLIN) 51252
245 13 - MENCIÓN DEL TÍTULO
Título La sociedad de 1850 /
Mención de responsabilidad, etc. Antonio Flores ; edición y prólogo de Jorge Campos.
260 ## - PUBLICACIÓN, DISTRIBUCIÓN, ETC.
Lugar de publicación, distribución, etc. Madrid :
Nombre del editor, distribuidor, etc. Alianza,
Fecha de publicación, distribución, etc. [1968]
300 ## - DESCRIPCIÓN FÍSICA
Extensión 275 p. ;
Dimensiones 18 cm.
490 1# - MENCIÓN DE SERIE
Mención de serie El Libro de Bolsillo. Sección "Clásicos" ;
Designación de volumen o secuencia 128
651 #7 - PUNTO DE ACCESO ADICIONAL DE MATERIA--NOMBRE GEOGRÁFICO
Nombre geográfico España-
Subdivisión general Historia-
Subdivisión cronológica S.XIX
Fuente del encabezamiento o término
9 (RLIN) 142005
700 1# - ENTRADA AGREGADA--NOMBRE PERSONAL
Nombre de persona Campos, Jorge,
Fechas asociadas al nombre 1916-1983
9 (RLIN) 34244
830 03 - PUNTO DE ACCESO ADICIONAL DE SERIE-TÍTULO UNIFORME
Título uniforme El libro de bolsillo.
Nombre de parte o sección de la obra Clásicos
Designación de volumen o secuencia 128
9 (RLIN) 179723
852 ## - LOCALIZACIÓN
Ubicación ES-MaACL
Número de control de estantería C-34824
Holdings
Estatus retirado Estado de pérdida Estado de daño No para préstamo Biblioteca de origen Biblioteca actual Ubicación en estantería Fecha de adquisición Fuente de adquisición Total de préstamos Signatura topográfica completa Código de barras Visto por última vez Precio de reemplazo Tipo de ítem Koha
        Biblioteca del Ateneo de Madrid Biblioteca del Ateneo de Madrid Depósito 2 17/01/2008     C-34824 1067317 23/02/2023 23/02/2023 Libro impreso